000 01071nas a2200385 4500
001 BR2014007219
003 BR-BrBNA
005 20231205124725.0
007 ta
008 230509b bl.|||p| |||| 00| 00por d
040 _aBR-BrBNA
_bpor
_cBiblioteca Nacional de Agricultura
041 _a(Pt)
072 _aH60
100 1 _aTironi, S.P.
100 1 _aGalon, L.
100 1 _aSilva, A.F. da
100 1 _aFialho, C.M.T.
100 1 _aRocha, P.R.R.
100 1 _aFaia, A.T.
100 1 _aAspiazú, I.
100 1 _aForte, C.T.
100 1 _aSilva, A.A. da
100 1 _aRadünz, A.L.
245 1 _aÉpoca de emergência de azevém e nabo sobre a habilidade competitiva da cultura da cevada
650 _aCEVADA
650 _aERVA DANINHA
650 _aAZEVÉM
650 _aNABO
650 _aEMERGÊNCIA
650 _aHERBICIDA
650 _aCONTROLE INTEGRADO
773 0 _tCiência Rural (Brazil)
_xISSN 0103-8478
_g(Sep 2014), v. 44(9) p. 1527-1533
_wBR2014007219
909 _a202311
_bLúcia
_c55
_dLúcia Elande
942 _2AGRIS
_n0
_cANA
999 _c240575
_d240575